Marine renewable energy handbook / (Record no. 597118)
[ view plain ]
| 000 -LEADER | |
|---|---|
| fixed length control field | 00314nam a2200109Ia 4500 |
| 008 - FIXED-LENGTH DATA ELEMENTS--GENERAL INFORMATION | |
| fixed length control field | 230907s9999||||xx |||||||||||||| ||und|| |
| 082 ## - DEWEY DECIMAL CLASSIFICATION NUMBER | |
| Classification number | 333.914 |
| Author Mark | MAR |
| 245 #0 - TITLE STATEMENT | |
| Title | Marine renewable energy handbook / |
| 260 ## - PUBLICATION, DISTRIBUTION, ETC. | |
| Place of publication, distribution, etc. | ISTE ; | John Wiley & Sons, |
| Name of publisher, distributor, etc. | London : | Hoboken, NJ : |
| Date of publication, distribution, etc. | 2012 |
| 300 ## - PHYSICAL DESCRIPTION | |
| Extent | xx, 643 p. : |
| 942 ## - ADDED ENTRY ELEMENTS (KOHA) | |
| Koha item type | Book |
| Withdrawn status | Lost status | Damaged status | Not for loan | Permanent Location | Current Location | Date acquired | Total Checkouts | Full call number | Barcode | Date last seen | Price effective from | Koha item type |
|---|---|---|---|---|---|---|---|---|---|---|---|---|
| US-Pakistan Center for Advanced Studies in Energy (USPCAS-E) | US-Pakistan Center for Advanced Studies in Energy (USPCAS-E) | 12/29/2017 | 333.914 MAR | cas-e0001217 | 09/12/2023 | 09/12/2023 | Book |
